Statistics for Band Names by Antonyms #1

Click here to take the quiz!

General Stats

  • This quiz has been taken 57 times
  • The average score is 6 of 18

Answer Stats

HintAnswer% Correct
NoYes
100%
Can'tCan
89%
GoodbyeHello
84%
UnfocusFocus
59%
Identified Sinking ObjectUnidentified Flying Object/ UFO
57%
The NoneWoman Sisters BandThe Allman Brothers Band
52%
Slow GoldQuicksilver
43%
Queen GreenKing Crimson
41%
Clear Roads (1 word)Traffic
23%
Rough MidgetGentle Giant
20%
The LadybugsThe Beatles
20%
The Fathers of DestructionThe Mothers of Invention
18%
The AdultsThe Babies
11%
DestroyPlayKraftWerk
9%
Hard ManualSoft Machine
9%
The Get-AlongThe Clash
7%
ContingencyEmergency
2%
Small CircleBig Star
0%

Score Distribution

Percentile by Number Answered

Percent of People with Each Score

Your Score History

You have not taken this quiz